000 01060cam a2200301 a 4500
001 13151412
003 Ke-BoTe
005 20211126080159.0
008 030407s2003 pau b 000 0 eng
010 _a 2003105132
020 _a0889652163
035 _a(DLC) 2003105132
040 _aDLC
_cDLC
_dDLC
050 0 0 _aBV835
_b.D683 2003
082 0 0 _a248.8/44
_222
100 1 _aDowner, Phil,
_d1947-
_91166
245 1 0 _aOptimize your marriage :
_bmaking an eternal impact on family and friends /
_cPhil & Susy Downer with Ken Walker.
260 _aCamp Hill, Pa. :
_bChristian Publications,
_cc2003.
300 _aviii, 264 p. ;
_c21 cm.
504 _aIncludes bibliographical references.
650 0 _aMarriage
_xReligious aspects
_xChristianity.
_9628
650 0 _aFamilies
_xReligious aspects
_xChristianity.
_9632
700 1 _aDowner, Susy,
_d1950-
_91167
700 1 _aWalker, Ken,
_d1957-
_91168
906 _a7
_bcbc
_corignew
_d2
_eepcn
_f20
_gy-gencatlg
942 _2lcc
_cBK
_n0
999 _c496
_d496